000 00783nam a2200265 i 4500
001 C2-0091773
003 PPAK
005 20180727092601.0
008 970513s1988 enka|||| ||||| | eng d
020 _a0222014490
040 _aPPAK
_beng
_cPPAK
_erda
082 0 4 _a582.0463
_223
090 0 0 _a582.0463
_bRIC
_dR
100 1 _aRichardson, P. Mick,
_eauthor
245 1 0 _aFlowering plants :
_bmagic in bloom
264 1 _aLondon :
_bBurke Publishing ,
_c1988
300 _a112 pages :
_billustrations ;
_c23 cm
336 _2rdacontent
_atext
337 _2rdamedia
_aunmediated
338 _2rdacarrier
_avolume
490 1 _aThe encyclopedia of psychoactive drugs
650 1 0 _aHallucinogenic plants
830 0 _aThe encyclopedia of psychoactive drugs
942 _ddc
_cB
999 _c19583
_d19583